00720 2200241 4500001002100000005001700021008004100038020001800079035002400097040001200121082001000133090002100143100001900164245009900183250001800282260003300300300002800333500002700361650003600388700001900424850001200443999002300455YOGYA-0209000004674820090227031240.0 ind  a979-3469-72-2 0010-020900000046748 aYOPDYOG a651.5 aDEP 651.5bSug M aSUGIARTO, Agus aManajemen kearsipan modern (dari konvensional ke basis komputer)cagus Sugiarto, Teguh Wahyono aEd. 1, cet. 1 aYogyakartabGava Mediac2005 ax, 221 hlmbilusc20 cm aBibliografi : hlm. 221 aArsip dan kearsipan - Manajemen aWahyono, Teguh aYOPDYOG aCB-D.11 2005-1041h